Quizzes
Events
Quiz Creation
Community
Videos
Private Events
Remove Ads
Sign In
Join for FREE
Feedback
Dark Mode
Quiz Categories
Sports
Geography
Music
Movies
Television
Just For Fun
Miscellaneous
History
Literature
Language
Science
Gaming
Entertainment
Religion
Holiday
For Kids
Quiz Lab
Recent
Popular Today
Quiz Kudos Today
Editor Picks
Curator Picks
Quizzes by...
Day
Popularity
Type
Ratings
Length
Year
Community
Subscriptions
Recent Discussions
Orange Saloon
Badges
Playlists
Quests
Create
Leaderboards
Showdown
Live 5
Trivia Bingo
Activity
Puzzle Library
Sporcle Events
Private Events
Virtual Trivia
Globe League
Become a Host
Pub Owners
SporcleCon
Opinionation
Our Games
Videos
Blog
Mobile Apps
Partnerships
Remove Ads and Go Orange
Feedback
Music
Pop Music
The Beatles
Song
Album
Lyrics
Bands
Singers
Artist
Clip
Rock
Rap
Classical
Billboard
Country Music
Kpop
Taylor Swift
Music
Pop Music
The Beatles
Song
Album
Lyrics
Bands
Singers
Artist
Clip
Rock
Rap
Classical
Billboard
Country Music
Kpop
Taylor Swift
Random Quiz
Search Sporcle
×
Quiz Lab
Quiz Lab
Music
Song
Type in answers that appear in a list
Type in answers that appear in a list
Classic
Best Score? Go Orange.
Room 3306 Classics - Part II (Clips) Stats
Can you name the songs played regularly in room 3306?
By
ctc7492
15m
42 Questions
88 Plays
88 Plays
88 Plays
Comments
Comments
Give Quiz Kudos
Give Quiz Kudos
-
- Ratings
hide this ad
Replay
Link that replays current quiz
Next Quiz
Link to next quiz in quiz playlist
You Got
0%
They Got
Avg Score
48%
Avg Friend Score
Upgrade to see
Score Distribution
Jump to the score distribution portion of the page
Score
0/42
Timer
15:00
0
Plays Today
Time
Song
% Correct
1:26-
1:34
Smells Like Teen Spirit
90.9%
1:34-
1:43
Hollaback Girl
90.9%
6:23-
6:33
Tubthumping
86.4%
2:18-
2:28
Drops Of Jupiter
84.1%
6:56-
7:07
Bittersweet Symphony
84.1%
0:00-
0:26
Lose Yourself
81.8%
4:03-
4:12
Somebody Told Me
81.8%
7:07-
7:14
Tainted Love
78.4%
1:43-
1:55
Come Sail Away
76.1%
2:48-
2:58
She Will Be Loved
73.9%
3:51-
4:03
Clint Eastwood
73.9%
3:40-
3:51
Kids
71.6%
5:05-
5:18
Thank You
68.2%
1:18-
1:26
I Just Had Sex
56.8%
2:58-
3:09
I'm Shipping Up To Boston
56.8%
2:06-
2:18
Ain't No Rest For The Wicked
54.5%
4:20-
4:30
You'll Be In My Heart
53.4%
6:33-
6:46
When I'm Gone
53.4%
5:18-
5:28
Relax
47.7%
3:16-
3:29
Say It Right
44.3%
7:34-
7:50
You Raise Me Up
44.3%
Time
Song
% Correct
5:28-
5:43
Steady As She Goes
42%
6:12-
6:23
Dead and Gone
40.9%
0:26-
0:36
Stop & Stare
38.6%
5:58-
6:12
Meant To Live
38.6%
5:43-
5:58
Hide and Seek
37.5%
0:45-
0:56
Lisztomania
36.4%
2:28-
2:38
Banana Pancakes
33%
4:40-
4:50
Chain Hang Low
30.7%
7:14-
7:24
Diamonds from Sierra Leone
30.7%
4:30-
4:40
Hysteria
28.4%
4:12-
4:20
Heart of a Champion
27.3%
6:46-
6:56
This Is How A Heart Breaks
27.3%
1:55-
2:06
Gravity
25%
0:36-
0:45
Hip-Hop Saved My Life
22.7%
4:50-
5:05
Lovers In Japan / Reign Of Love
22.7%
3:09-
3:16
Say Yeah
18.2%
0:56-
1:06
I'm Me
17%
2:38-
2:48
Hustlin'
15.9%
1:06-
1:18
The Riddle
14.8%
3:29-
3:40
Benny Lava
14.8%
7:24-
7:34
Down & Out
12.5%
Quiz Playlist
Details
Report
Send in Message
Add To Playlist
Classic:
Type in answers that appear in a list
Last Updated: Feb 16, 2017
Quiz Scoreboard
CHALLENGE
Sign Up to Join the Scoreboard
Show All
Scores
Hide
Comments
May contain spoilers
Recently Published
NBA Finals Game Top Scorers (2010s)
by flibbidy
Sports
5m
Guess the 'R' Things in 3 Words
by MSUKent
Miscellaneous
3m
Actor to Badly Drawn Movie III
by MoMosMoProblems
Movies
5m
More to Explore
Quiz From the Vault
Featured Blog Post
Where Does Lost Luggage Go?
hide this ad
You Might Also Like...
Tags
Clip Quiz
Song Quiz
Audio Quiz
classic
Mix
room
Today's Top Quizzes in Music
Browse Music
hide this ad
Today's Top Quizzes in Song
Browse Song
Top Contributed Quizzes in Music
1
Taylor Swift All Songs (2024)
2
Image Sorting: Rock Albums II
3
Image Sorting: Rock Albums III
4
Image Sorting: Rock Albums IV
5
Image Sorting: Rock Albums V
6
Image Sorting: Rock Albums VI
7
Adjectives in 80s Songs
8
Taylor Swift Logic Puzzle
9
Image Sorting: Album Titles
10
Nickname Match: Musicians
Explore More
Trending Topics
Marvel
Kpop
NBA
Disney
Harry Potter
Anime
Crossword
WWE
Puzzle
NFL
Song
Soccer
Pokémon
Country
The Office
hide this ad
More By:
ctc7492
Quiz
Plays
Rating
Category
Featured
Created
Cover Songs (clips)
1,383
4.48
Music
Jun 28, 2020
Alternative Music - Difficult (clips)
1,284
4.10
Music
Apr 6, 2011
Emo & Pop Punk Bands (Clip)
893
5.00
Music
May 1, 2020
Lil Wayne (clips)
698
3.67
Music
Mar 25, 2011
5 songs in 5 Seconds (clips)
501
2.82
Music
Apr 27, 2011
Go to Creator's Profile
Score Distribution
Quiz Creator Spotlight
ctc7492
Follow
Send a Message
Quizzes Created
-
Created Quiz Play Count
-
More By This Creator
Popular Quizzes Today
1
Find the US States - No Outlines Minefield
2
Find the US States
3
The Countries of the World
4
10 Largest US States in Order
5
Find the Countries of Europe - No Outlines Minefield
6
US States
7
Guess the 'R' Things in 3 Words
8
NBA Finals Game Top Scorers (2010s)
More Music Quizzes
Travis Scott Song by Lyric
Quiz Lab
Trending Quizzes
First Name TV: Leading Men
Match the Book to the Film II
First Name TV: Leading Women Drama
Match the Book to the Film VI
3-Word Movies in 1 Word II
Recently Updated
Women's Final Four Teams by Year
bhenderson79
Presidents Quartet II
eogle
Anything But Clue(do)
eogle
Anything But Oceanian Capitals
eogle
Anything But 7
eogle
Anything But Thing
eogle
Word Ladder: February 29
pecheneg
Song Title Questions
pecheneg
Women's NCAA Tournament #1 Seeds
pecheneg
Celebrity Mug Shots
pecheneg
Trending Topics
Kpop
Crossword
Anime
NBA
Disney
Harry Potter
Marvel
Song
WWE
Country
Puzzle
The Office
Pokémon
Soccer
NFL
Your Account Isn't Verified!
In order to create a playlist on Sporcle, you need to verify the email address you used during registration. Go to your
Sporcle Settings
to finish the process.
Report this User
Report this user for behavior that violates our
Community Guidelines
.
Details:
Send Report
Go to the Sporcle.com Mobile Site →
Comments